000 00794cam a22002294a 4500
005 20250605164035.0
008 250528s ||||||||||||||||||||||||d
035 _a16778
020 _a137915756
040 _aGR-AtMCL
_bgre
_dGR-AtMCL
_eAACR2
245 1 _aCognitive Development / Fourth Edition
250 _a4th
260 _bPrentice Hall,
_c2002
300 _a424
520 _aPreface, Introduction, Infant Perception, Infant Cognition, Representation and Concepts, Reasoning and Problem Solving, Social Cognition, Memory, Language, Questions and Problems, References, Name and Subject Index, About the Authors.
700 1 _aFlavell John H
_92869
700 1 _aMiller Patricia H
_92870
700 1 _aMiller Scott A
_9141
942 _cBK
999 _c2243
_d2243